00680nab a2200181 uc450000100070000000500170000700800410002403500110006503500210007604000130009704100080011010000440011824501270016265000270028965000250031670000470034177301100038840354220240201131207.0990515e19950401 spa  a403542 a(OCoLC)819781558 ccomduadb aspa10aGutierrez Botero, Jose Manuel4auteaut10aAnalisis de sistemas de participacion y motivacion de empleados en las empresas del area metropolitana del valle de aburra aAnálisis de sistemas aMotivación laboral10aNavarro Restrepo, Maria Adelaida4auteaut0 tRevista Universidad Eafit (Medellín)gNúmero 098, Abril-Junio 1995, p. 69-75w106802z0120341X092266